Código procesal penal federal /

Guardado en:
Otros Autores: Binder, Alberto M., (introd.)
Formato: Libro
Idioma:Undetermined
Publicado: Buenos Aires : Ad-Hoc, 2025.
Edición:3a. ed.
Materias:
Etiquetas: Agregar Etiqueta
Sin Etiquetas, Sea el primero en etiquetar este registro!
LEADER 00743nam a22001935a 4500
001 DER.der015278
008 250826s2025####ag############000#0#und#d
005 20250826144336.0
245 1 0 |a Código procesal penal federal /  |c Argentina. 
250 |a 3a. ed. 
260 |a Buenos Aires :  |b Ad-Hoc,  |c 2025. 
300 |a 113 p. 
500 |a Texto ordenado por el dec. 118/19. Ley 27.063 con las incorporaciones dispuestas por la ley 27.272 y las modificaciones introducidas por las leyes 27.482 y 27.785. 
020 |a 9789877453201 
240 1 0 |a Argentina - Códigos 
700 1 |a Binder, Alberto M.,  |e introd. 
650 7 |a DERECHO PROCESAL PENAL 
859 |a DERECHO  |b BIB. DERECHO  |h 345.05  |i ARG  |p 0010640 
859 |a DERECHO  |b BIB. DERECHO  |h 345.05  |i ARG  |p 0010641  |t 1